000 00650cam6a220021700 4500
001 tmp15813937
003 UPRA
005 20190830110154.0
008 951103s1952 enk eng u
035 _a(Sirsi) r46071
035 _a(UPRA)tmp15813937
040 _cUPRA
100 1 _aHaire, Norman.
_6A3942.1
245 1 0 _aEncyclopaedia of sexual knowledge /
_cby Norman Haire, A. Coster, A. Willy, and others ; ed. by Norman Haire.
250 _a[2nd ed.].
260 _aLondon :
_bEncyclopaedic Press,
_c[1952]
504 _aBibliography: p. [533]-537.
949 _aHQ21
_wlcc
_mMAIN
_tBOOK
_lON-SHELF
004 46071
987 _aWITHDRAWN.
999 _c187997
_d187997